• 首页
  • 本馆介绍
  • 公告通知
  • 最新文献
  • 馆藏检索
  • 电子资源
  • 读者导购
  • 参考咨询
  • 我的图书馆
  • 登录
  • 详细信息显示
  • 放入我的书架
  • 预约/预借图书
  • 作者相关作品
  • 分类相关作品
  • 丛书相关作品
  • 出版社相关作品

书目信息

  • 表格格式
  • 工作单格式
  • 卡片格式
题名:
辩证理性批判
    
 
作者: 萨特 著 ;林骧华 译
分册: 上  
出版信息: 合肥   安徽文艺出版社  1998.04
页数: 501页
开本: 20cm
丛书名:
单 册:
中图分类: B565.53
科图分类:
主题词: 萨特尔,J.P.(1905~1980)--哲学 , 萨特尔,J.P.(1905~1980)
电子资源:
ISBN: 7-5396-1630-X
000 00664nam0 2200217 45
001 0404221448
005 20050322145834.3
010    @a7-5396-1630-X@dCNY39.80
100    @a20040422d1998 km y0chiy0120 ea
101 0  @achi@cfre
105    @aa z 000yy
200 1  @a辩证理性批判@ABian Zheng Li Xing Pi Pan@h上@f(法)萨特著@F(Fa)Sa Te Zhu@g林骧华等译
210    @a合肥@d1998.04@c安徽文艺出版社
215    @a501页@c肖像@d20cm
606 0  @a萨特尔,J.P.(1905~1980)@x哲学
606 0  @a萨特尔,J.P.(1905~1980)
690    @aB565.53@v3
701  0 @a萨特@4著
702  0 @a林骧华@ALin Xiang Hua@4译
801    @aCN@bPftUser@c20040422
905    @dB565.53@e23:1@f1@b283060
    
    辩证理性批判.上/(法)萨特著/林骧华等译.-合肥,1998.04:安徽文艺出版社
    501页:肖像;20cm
    
    
    ISBN 7-5396-1630-X:CNY39.80
    
●
相关链接 在E读中查询图书 在五车中查询图书 在当当中查询图书 在豆瓣中查询图书


正题名:辩证理性批判     索取号:B565.53/23:1         预约/预借

序号 登录号 条形码 馆藏地/架位号 状态 备注
1 0283059   002830592   第一借阅区/ [索取号:B565.53/23:1] 在馆    
2 0283060   002830609   第一借阅区/ [索取号:B565.53/23:1] 在馆    
3 0283061   002830618   第一样本阅览室/ [索取号:B565.53/23:1] 在馆    
唐山师范学院图书馆 欢迎您!
大连网信软件有限公司© 版权所有